000 00559nam a2200181Ia 4500
008 151018s9999 xx 000 0 und d
082 _bRBASDV5186
_a891.463
100 _aद र कवठेकर
245 _aआपुलकीची झळ
250 _b1
260 _bललित साहित्य प्रकाशन
_c1962
300 _a236
600 _aद र कवठेकर
630 _aआपुलकीची झळ
700 _aद र कवठेकर
730 _aआपुलकीची झळ
942 _cBOOK
999 _c1007569
_d1007566